header

Ox-cart man (Record no. 263080)

MARC details
000 -LEADER
fixed length control field 00294nam a22001217a 4500
020 ## - INTERNATIONAL STANDARD BOOK NUMBER
ISBN 0670533289
100 ## - MAIN ENTRY--AUTHOR NAME
Personal name Hall Donald,
245 ## - TITLE STATEMENT
Title Ox-cart man
250 ## - EDITION STATEMENT
Edition statement 1st ed.
260 ## - PUBLICATION, DISTRIBUTION, ETC. (IMPRINT)
Place of publication New York
Name of publisher Viking Press.
Year of publication 1979
300 ## - PHYSICAL DESCRIPTION
Number of Pages [40] p.
Other physical details col. ill. ;
Accompanying material 22 x 28 cm.
942 ## - ADDED ENTRY ELEMENTS (KOHA)
Koha item type Long Loan Books
Holdings
Withdrawn status Lost status Collection code Home library Current library Shelving location Date acquired Accession Number Koha item type
    Fiction Rongo University Library Rongo University Library Children's Area 01/03/2024 CL20233290 Long Loan Books

© 2026 Rongo University
Contact us: librarian | system librarian | Rongo university